Persianas (Registo nº 68051)

Detalhes MARC
000 -Etiqueta do registo
campo de controlo de comprimento fixo 00572nam a2200217 4500
001 - Identificador do registo
Campo de controlo 68051
005 - Identificador da versão
Campo de controlo 20260427132855.0
010 ## - ISBN
Número (ISBN) 978-989-671-255-6
100 ## - Dados Gerais de Proc.
Dados gerais de processamento 20230112d2016 m||y0pory50030103ba
101 0# - Língua da publicação
Língua do texto, banda sonora, etc. Português
102 ## - País de Publicação
País de publicação Portugal
200 1# - Título
Título próprio Persianas
Primeira menção de responsabilidade Miguel-Manso
Outras menções de responsabilidade coord. coleção Pedro Mexia
205 ## - Menção da edição
Menção da edição 2ª ed
210 #9 - Publicação, Distribuição
Lugar da edição, distribuição, etc. Lisboa
Nome do editor, distribuidor, etc. Tinta-da-China
Data da publicação, distribuição, etc. 2016
215 ## - Descrição física
Descrição física 196, [11] p.
675 ## - CDU
Notação 821.134.3-1"20"
Edição BN
Língua da edição Português
700 #1 - Responsabilidade principal
Palavra de ordem Manso
Outra parte do nome Miguel
Datas 1979-
Koha Internal Code 52979
702 ## - Responsabilidade secundária
Palavra de ordem Mexia
Outra parte do nome Pedro
Datas 1972-
Código de função Coordenador/Editor
Koha Internal Code 31730
801 #0 - Fonte de origem
País Portugal
Agência BN
Regras de catalogação RPC
090 ## - Números de controlo do sistema (Koha)
Número biblioitem do Koha (gerado automaticamente) 68051
942 ## - Elementos de entrada adicionados (Koha)
Tipo de item no Koha Monografias
Suprimido Disponível no OPAC
Exemplares
Removido (estado) Perdido (estado) Data de aquisição Origem do registo (biblioteca) (codificado) Código da organização que empresta ou é detentora (biblioteca) Código de barras Local Número de inventário Cota Tipo de circulação (não pode ser emprestado) ODS - Objetivos de Desenvolvimento Sustentável Tipo de item e material
Disponível Disponível 2023-01-12 Biblioteca Municipal Álvaro de Campos Biblioteca Municipal Álvaro de Campos BMTAV62647 Sala de Adultos 62647 R9 MAN Normal ODS4 - Educação de Qualidade Monografias